LA TECNOCRACIA EN MEXICO : (Registro nro. 13140)
[ vista simple ]
| 000 -LEADER | |
|---|---|
| fixed length control field | 00502nam a2200157 a 4500 |
| 001 - CONTROL NUMBER | |
| control field | 13140 |
| 005 - DATE AND TIME OF LATEST TRANSACTION | |
| control field | 20180713201501.0 |
| 008 - FIXED-LENGTH DATA ELEMENTS--GENERAL INFORMATION | |
| fixed length control field | 140415s1994 000 0 spa d |
| 041 ## - LANGUAGE CODE | |
| Language code of text/sound track or separate title | spa |
| 082 ## - DEWEY DECIMAL CLASSIFICATION NUMBER | |
| Classification number | 320.72 |
| Item number | MOR |
| 100 1# - MAIN ENTRY--PERSONAL NAME | |
| Personal name | MORALES CAMARENA, FRANCISCO J. |
| 245 13 - TITLE STATEMENT | |
| Title | LA TECNOCRACIA EN MEXICO : |
| Remainder of title | LAS ACTITUDES POLITICAS DE LOS FUNCIONARIOS PUBLICOS |
| 260 ## - PUBLICATION, DISTRIBUTION, ETC. | |
| Place of publication, distribution, etc. | [s.l.] : |
| Name of publisher, distributor, etc. | CAMBIO XXI, |
| Date of publication, distribution, etc. | 1994 |
| 300 ## - PHYSICAL DESCRIPTION | |
| Extent | 225 |
| 650 14 - SUBJECT ADDED ENTRY--TOPICAL TERM | |
| Topical term or geographic name entry element | ADMINISTRACION PUBLICA |
| General subdivision | FUNCIONARIOS PUBLICOS |
| -- | MEXICO |
| Withdrawn status | Lost status | Source of classification or shelving scheme | Damaged status | Not for loan | Collection code | Home library | Current library | Shelving location | Date acquired | Source of acquisition | Inventory number | Total Checkouts | Full call number | Barcode | Date last seen | Date last checked out | Price effective from | Koha item type |
|---|---|---|---|---|---|---|---|---|---|---|---|---|---|---|---|---|---|---|
| Dewey Decimal Classification | General | Biblioteca Karol Wojtyla | Biblioteca Karol Wojtyla | Sala general | 03/12/2013 | Compra | 151000000000000000056052 | 320.72 MOR | 29886 | 05/01/2026 | 25/03/2015 | 03/12/2013 | Libro |